|
|
|
|
| LEADER |
00682nta a2200169 i 4500 |
| 001 |
dipl31160 |
| 005 |
20130314091522.0 |
| 008 |
110713s2008 hu om 0|| zxx d |
| 040 |
|
|
|a SZTE Diploma Repozitórium
|b hun
|
| 041 |
|
|
|a zxx
|
| 100 |
2 |
|
|a Baloghné Holubán Csilla
|
| 245 |
1 |
2 |
|a A törvényen alapuló tartás szabályai
|h [elektronikus dokumentum] /
|c Csilla Baloghné Holubán
|
| 246 |
1 |
0 |
|a The rule of the keeping being based on the law
|h [elektronikus dokumentum]
|
| 260 |
|
|
|c 2008
|
| 650 |
|
4 |
|a Jogi és igazgatási tanulmányok
|
| 700 |
1 |
|
|a Hegedűs Andrea
|e ths
|
| 856 |
4 |
0 |
|u http://diploma.bibl.u-szeged.hu/id/eprint/31160/1/2008_baloghne_holuban_csilla_169_2008.pdf
|z Dokumentum-elérés
|